Score 0/14 Timer 01:00
0 Plays Today
% Correct
Germany
95%
Greece
94.7%
Guatemala
94.1%
Hungary
93.2%
Haiti
80.2%
Guinea-Bissau
74.3%
Georgia
70.6%
% Correct
Ghana
62.8%
Grenada
58.3%
Honduras
57.8%
Guyana
50.1%
The Gambia
42.7%
Gabon
39.7%
Guinea
39.4%

Today's Daily Dose

Missing Word
Lizzo Songs

Get the Picture
The Longest Rivers

Remove Ads.
Support Sporcle.
Get the best of Sporcle when you Go Orange. This ad-free experience offers more features, more stats, and more fun while also helping to support Sporcle. Thank you for becoming a member.

You're not logged in!

Compare scores with friends on all Sporcle quizzes.
OR
Log In

Show Comments

Extras

Top Quizzes Today


Score Distribution

Your Account Isn't Verified!

In order to create a playlist on Sporcle, you need to verify the email address you used during registration. Go to your Sporcle Settings to finish the process.

Report this User

Report this user for behavior that violates our Community Guidelines.

Details: